| 000 | 00558nam a22001937a 4500 | ||
|---|---|---|---|
| 003 | OSt | ||
| 005 | 20210318102921.0 | ||
| 008 | 210304b ||||| |||| 00| 0 spa d | ||
| 020 | _a9789945618112 | ||
| 040 |
_aDO-SdBNP _bspa _cBNPHU |
||
| 082 |
_axxx _bG633m |
||
| 100 | 0 |
_aGómez Fernández, Alonso _91812 |
|
| 245 | 1 | 0 |
_aMaría los dos testigos / _cAlonso Gómez Fernández |
| 260 |
_aSanto Domingo : _bAmigo del Hogar, _c2020 |
||
| 300 |
_a190 p. ; _c21 cm |
||
| 590 | _aInventariado, 2021 / DG | ||
| 910 | _aInventariado, 2021 / DG | ||
| 942 |
_2ddc _cLBS1 |
||
| 999 |
_c49493 _d49493 |
||